50 Groupes de metal - Statistiques

Statistiques générales
  • Ce quiz a été pris 480 fois
  • Le résultat moyen est 16 sur 50
Statistiques - réponses
Album Réponse % Correct
Master of Puppets Metallica
99%
Paranoid Black Sabbath
91%
Toxicity System of a Down
86%
The Number of the Beast Iron maiden
82%
Ace of Spades Motörhead
73%
Rust in Peace Megadeath
64%
Angel of Death Slayer
63%
Vulgar Display of Power Pantera
58%
Vol. 3 : Subliminal Verses Slipknot
58%
Holy Diver Dio
54%
From Mars to Sirius Gojira
54%
British Steel Judas Priest
50%
Mutter Rammstein
47%
Blizzard of Ozz Ozzy Osbourn
45%
Dr. Feelgood Motley Crue
40%
Chaos A.D. Sepultura
38%
White Pony Deftones
37%
Among the Living Anthrax
35%
Leprosy Death
35%
De Mysteriis Dom Sathanas Mayhem
32%
Ænima Tool
30%
Tomb of the Mutilated Cannibal corpse
29%
Great War Sabaton
27%
Leviathan Mastodon
25%
Kings of Metal Manowar
24%
Black Metal Venom
24%
Twilight of the Thunder God Amon Amarth
23%
Blackwater Park Opeth
21%
Keeper of the Seven Keys Helloween
18%
Pleasure to Kill Kreator
17%
Agent Orange Sodom
17%
The Satanist Behemoth
16%
In the Nightside Eclipse Emperor
15%
Bonded by Blood Exodus
15%
Ashes of the Wake Lamb of God
14%
Scum Napalm Death
13%
Alice in Hell Annihilator
12%
The Legacy Testament
11%
Bloody Kisses Type O Negative
11%
Hatebreeder Children of Bodom
10%
Metropolis Pt. 2: Scenes from a Memory Dream Theatre
10%
At the Heart of Winter Immortal
9%
Reek of Putrefaction Carcass
8%
Enthrone Darkness Triumphant Dimmu Borgir
8%
Dopethrone Electric Wizard
8%
Morbid Tales Celtic Frost
7%
Lights…Camera…Revolution! Suicidal Tendencies
7%
Sunset on the Golden Age Alestorm
6%
Reign Supreme Dying Fetus
4%
Epitaph Necrophagist
4%
Aucun quiz correspondant
Distribution des résultats
% des personnes avec chaque résultat
Percentile par nombre de réponses
Votre historique - résultats
Vous n’avez pas pris ce quiz